00611 2200241 4500001002100000005001500021035002500036090001800061245002300079260004500102300003100147007000300178008004100181020001800222040001700240082001400257084001600271100001500287440002200302650001700324850001200341990001600353YOGYA00000000000010320230519074913 a0010-081400000000143 aK 512.7 WOL a10aAngka /cTony Wolf3 aJakarta :bGramedia Pustaka utama,c2002 a15 hlm. :bilus. ;c23 cm.ta130712s2002 jkia a ind d a979-22-0387-7 aYOPDYOGbind04223a512.7 a512.7 WOL a1 aWolf, Tony aPutar dan temukan 4aAngka, Teori aYOPDYOG a076-PD/P.04